Państwa Europy kończące się na "IA" - Statystyki

Ogólne statystyki
  • Ten quiz został rozwiązany 666 razy
  • Średni wynik to 14 z 19
Statystyki odpowiedzi
Odpowiedzi % Poprawnych
8. Hiszpania
88%
7. Finlandia
81%
14. Portugalia
81%
13. Norwegia
80%
3. Belgia
79%
9. Holandia
79%
1. Albania
77%
10. Irlandia
75%
11. Islandia
73%
19. Wielka Brytania
73%
2. Austria
72%
4. Bułgaria
72%
5. Dania
72%
6. Estonia
71%
15. Rumunia
68%
17. Słowenia
68%
16. Serbia
65%
18. Szwajcaria
64%
12. Mołdawia
60%
Nie znaleziono quizów pasujących do podanych kryteriów
Rozkład punktacji
Procent ludzi z każdym wynikiem
Percentyl według liczby udzielonych odpowiedzi
Twoja historia wyników
Nie rozwiązałeś tego quizu